| 000 | 00575nam a2200181Ia 4500 | ||
|---|---|---|---|
| 008 | 100921s9999 xx 000 0 und d | ||
| 082 |
_b34216 _a891.468 न 01 |
||
| 100 | _aगोडबोले अरूण. | ||
| 245 | _aअंतर्कळा. | ||
| 260 |
_bकौशिक प्रकाशन, सातारा. _c2001 |
||
| 300 |
_a95 _b--- |
||
| 365 | _b63 | ||
| 520 | _aललित-संकीर्ण. | ||
| 630 | _aअंतर्कळा. | ||
| 650 | _aललित-संकीर्ण. | ||
| 730 | _aअंतर्कळा. | ||
| 942 | _cBOOK | ||
| 999 |
_c783329 _d783326 |
||